Internet
Salvato in:
| Autori principali: | , |
|---|---|
| Natura: | Libro |
| Lingua: | spagnolo |
| Pubblicazione: |
Madrid
Anaya Multimedia
1998
|
| Edizione: | 2a. ed |
| Serie: | Al día en una hora, 19
|
| Soggetti: | |
| Tags: |
Aggiungi Tag
Nessun Tag, puoi essere il primo ad aggiungerne!!
|
MARC
| LEADER | 00000nam a2200000 a 4500 | ||
|---|---|---|---|
| 001 | UCH7202 | ||
| 003 | CL-VaPUC | ||
| 008 | 091109e19980000SP |||||||||||||||||spa|d | ||
| 020 | |a 8441500886 | ||
| 082 | 0 | 4 | |a 004.6 |b VEG |2 21 |
| 100 | 0 | |a Vega Fernández, José María |e author |9 543612 | |
| 700 | 0 | |a Pérez Muñoz, Rafael |e author |9 543613 | |
| 245 | 1 | 0 | |a Internet |
| 250 | |a 2a. ed | ||
| 300 | |a 128 p | ||
| 942 | |c BK | ||
| 945 | |d 20091109 00:00:00 |a lazolas | ||
| 260 | |a Madrid |b Anaya Multimedia |c 1998 | ||
| 600 | 0 | 7 | |a INTERNET |2 CL-VaPUC |9 368441 |
| 650 | 0 | |a Redes de información |9 230208 | |
| 650 | 0 | |a Redes de computadores |9 263293 | |
| 650 | 7 | |a CORREO ELECTRONICO |2 CL-VaPUC |9 340458 | |
| 650 | 7 | |a BUSQUEDA EN LINEA |2 CL-VaPUC |9 340459 | |
| 650 | 0 | |a Proceso de datos |9 259776 | |
| 583 | |a last modification |c 20091109 00:00:00 |k Rodrigo Vera | ||
| 490 | 0 | |a Al día en una hora, 19 | |
| 999 | |c 337872 |d 337870 | ||